Estadísticas para 15 principales países con muertes de Covid-19 - 24 de noviembre 2021

Haz click aquí para intentar la prueba.

Estadísticas generales

  • Esta prueba ha sido intentada 9 veces
  • La puntuación promedio es 13 de 26

Estadísticas de respuestas

país% Correcto
Brasil
100%
Estados Unidos
89%
India
89%
Indonesia
89%
México
89%
Alemania
78%
Italia
78%
Reino Unido
78%
Argentina
67%
Colombia
67%
Francia
67%
Perú
67%
Rusia
67%
Sudáfrica
56%
Croacia
33%
Irán
33%
Bosnia y Herzegovina
22%
Chequia
22%
Eslovaquia
22%
Hungría
22%
Lituania
22%
Armenia
11%
Bulgaria
11%
Georgia
11%
Macedonia del Norte
11%
Rumania
11%

Distribución de puntuación

Porcentaje por número respondido

Porcentaje de gente con cada puntuación

Historial de tus puntuaciones

No has intentado esta prueba.